Vulture - Portrayals by Picture - Statistics

General Stats
  • This quiz has been taken 8 times
  • The average score is 2 of 14
Answer Stats
Picture Answer % Correct
Michael Keaton
100%
Dwight Schultz
33%
Alastair Duncan
17%
Nolan North
17%
Robert Englund
17%
Alan Johnson
0%
Christopher Daniel Barnes
0%
Don Messick
0%
Eddie Albert
0%
Gillie Fenwick
0%
Kristoffer Tabori
0%
Scott McNeil
0%
Steve Blum
0%
Tom Kenny
0%
No matching quizzes found
Score Distribution
Percent of People with Each Score
Percentile by Number Answered
Your Score History
You have not taken this quiz